Statistiken für Europäische Städte mit Hinweisen

Klicken Sie hier um das Quiz zu spielen!

Allgemein

  • Dieses Quiz wurde 3.548 mal gespielt
  • Das Durchschnittsergebnis liegt bei 17 aus 22

Antwortstatistiken

HinweisStadt% Korrekt
Tube, Themse, Trafalgar SquareLondon
97%
Commerzbank-Turm, Main,
Europäische Zentralbank
Frankfurt
97%
BMW, Olympischer Terrorismus,
Hofbräuhaus
München
97%
Eiffelturm, Bastille, Champs-ÉlyséesParis
96%
Akropolis, Kloster DaphniAthen
93%
Der Kreml, Roter Platz,
Basilius-Kathedrale
Moskau
93%
Europäische Union, JubelparkBrüssel
88%
Liffey-Fluss, O'Connell-Brücke, GuinnessDublin
88%
Markusplatz, Gondeln, Marco PoloVenedig
88%
Modewoche, Piazza del Duomo,
Lombardei
Mailand
86%
Anne Franks Haus, RotlichtmilieuAmsterdam
86%
Leningrad, Die Eremitage, PalastplatzSt. Petersburg
85%
El Prat, Sagrada Família, Plaça ReialBarcelona
76%
Bjørvika, FriedensnobelpreisOslo
72%
Altneu-Synagoge,
Franz Kafka, Karlsbrücke
Prag
71%
Riviera, Île Sainte-Marguerite,
Filmfestival
Cannes
70%
Belém-Palast, Vasco da Gama,
Erdbeben von 1755
Lissabon
65%
Titanic, Albertturm, NordirlandkonfliktBelfast
64%
Olympische Winterspiele,
Grabtuch, Fluss Po
Turin
60%
Guggenheim, Baskenland,
Semana Grande
Bilbao
46%
Rudas-Bad, Kettenbrücke,
Margareteninsel
Budapest
38%
Festungsstadt, Minčeta-Turm, StradunDubrovnik
22%

Verteilung der Resultate

Perzentil nach korrekt beantworteten Fragen

Anzahl Personen mit jedem Resultat

Ihre Resultats-Entwicklung

Sie haben dieses Quiz noch nicht gespielt